[Event "Vienna Chess Open 2019"]
[Site "Vienna"]
[Date "2019.08.19"]
[Round "4.10"]
[White "Dobrovoljc, Vid"]
[Black "Mesaros, Florian"]
[Result "1-0"]
[WhiteElo "2331"]
[BlackElo "2420"]
[Annotator "NA"]
[PlyCount "57"]
[EventDate "2019.08.17"]
[EventType "swiss"]
[EventCountry "AUT"]
[SourceTitle "playchess.com"]
[Source "ChessBase"]
[SourceQuality "1"]
[TimeControl "40/5400+30:1800+30"]

1. e4 {[%emt 0:01:36]} c5 {[%emt 0:00:00]} 2. Nf3 {[%emt 0:01:04]} d6 {[%emt 0:00:00]} 3. d4 {[%emt 0:00:33]} cxd4 {[%emt 0:00:00]} 4. Nxd4 {[%emt 0:00:08]} Nf6 {[%emt 0:00:00]} 5. Nc3 {[%emt 0:00:06]} a6 {[%emt 0:00:00]} 6. Bg5 {[%emt 0:01:52]} e6 {[%emt 0:00:37]} 7. f4 {[%emt 0:01:22]} h6 {[%emt 0:00:12]} 8. Bh4 {[%emt 0:00:17]} Qb6 {[%emt 0:00:14]} 9. Qd2 {[%emt 0:02:12]} Qxb2 {[%emt 0:00:29]} 10. Rb1 {[%emt 0:00:06]} Qa3 {[%emt 0:00:06]} 11. e5 {[%emt 0:00:22]} dxe5 {[%emt 0:04:00]} 12. fxe5 {[%emt 0:00:08]} g5 {[%emt 0:09:25]} 13. Bf2 {[%emt 0:01:04]} Ng4 {[%emt 0:02:04]} 14. Bg3 {[%emt 0:00:53]} Nd7 {[%emt 0:06:49]} 15. Be2 {[%emt 0:08:01]} h5 {[%emt 0:07:42]} 16. Bxg4 {[%emt 0:17:06]} hxg4 {[%emt 0:00:19]} 17. Ne4 {[%emt 0:00:08]} Be7 {[%emt 0:12:48]} 18. Rb3 {[%emt 0:11:36]} Qa4 {[%emt 0:00:47]} 19. Nd6+ {[%emt 0:01:12]} Bxd6 {[%emt 0:05:40]} 20. exd6 {[%emt 0:00:06]} Rg8 {[%emt 0:01:58]} 21. O-O {[%emt 0:10:54]} Nc5 {[%emt 0:04:26]} 22. Qf2 {[%emt 0:07:31]} Qd7 {[%emt 0:07:01]} 23. Re3 {[%emt 0:02:38]} b6 {[%emt 0:09:21]} 24. Nc6 {[%emt 0:08:00]} Rf8 {[%emt 0:05:47]} 25. Ne5 {[%emt 0:03:18]} Qb7 {[%emt 0:02:37]} 26. Qf6 {[%emt 0:07:01]} Ra7 {[%emt 0:00:13]} 27. Qxg5 {[%emt 0:02:19]} Qd5 {[%emt 0:00:24]} 28. c4 {[%emt 0:02:21]} Qd4 {[%emt 0:01:07]} 29. Nc6 {[%emt 0:00:39]} 1-0

[Event "Vienna Chess Open 2019"]
[Site "Vienna"]
[Date "2019.08.19"]
[Round "4.11"]
[White "Dastan, Muhammed Batuhan"]
[Black "Csiki, Endre"]
[Result "1-0"]
[WhiteElo "2582"]
[BlackElo "2582"]
[Annotator "ChessBase"]
[PlyCount "89"]
[EventDate "2019.08.17"]
[EventType "swiss"]
[EventCountry "AUT"]
[SourceTitle "playchess.com"]
[Source "ChessBase"]
[SourceQuality "1"]
[TimeControl "40/5400+30:1800+30"]

1. e4 {[%emt 0:05:35]} c5 {[%emt 0:00:00]} 2. Nf3 {[%emt 0:00:04]} d6 {[%emt 0:00:00]} 3. d4 {[%emt 0:00:18]} cxd4 {[%emt 0:00:00]} 4. Nxd4 {[%emt 0:00:05]} Nf6 {[%emt 0:00:00]} 5. Nc3 {[%emt 0:00:06]} e5 {[%emt 0:00:00]} 6. Nb3 {[%emt 0:04:13]} Be7 {[%emt 0:01:34]} 7. Be2 {[%emt 0:04:19]} Nc6 {[%emt 0:07:28]} 8. Bg5 {[%emt 0:04:17]} a6 {[%emt 0:11:15]} 9. Qd3 {[%emt 0:06:21]} h6 {[%emt 0:11:52]} 10. Bxf6 {[%emt 0:01:19]} Bxf6 {[%emt 0:00:05]} 11. O-O-O {[%emt 0:04:56]} Be7 {[%emt 0:03:15]} 12. Nd5 {[%emt 0:03:00]} Bg5+ {[%emt 0:06:43]} 13. Kb1 {[%emt 0:01:02]} O-O {[%emt 0:02:54]} 14. g3 {[%emt 0:12:21]} Be6 {[%emt 0:05:42]} 15. h4 {[%emt 0:02:41]} Bf6 {[%emt 0:04:40]} 16. Qe3 {[%emt 0:00:52]} Bxd5 {[%emt 0:01:59]} 17. Rxd5 {[%emt 0:01:02]} Qc7 {[%emt 0:02:12]} 18. Rdd1 {[%emt 0:12:47]} Rfd8 {[%emt 0:02:21]} 19. g4 {[%emt 0:01:54]} g5 {[%emt 0:03:08]} 20. Nd2 {[%emt 0:03:07]} Nd4 {[%emt 0:02:55]} 21. c3 {[%emt 0:01:34]} Ne6 {[%emt 0:00:35]} 22. Nc4 {[%emt 0:00:44]} Qc5 {[%emt 0:12:01]} 23. hxg5 {[%emt 0:03:04]} Bxg5 {[%emt 0:02:15]} 24. Qxc5 {[%emt 0:01:02]} dxc5 {[%emt 0:00:30]} 25. Nxe5 {[%emt 0:00:12]} Rxd1+ {[%emt 0:00:51]} 26. Rxd1 {[%emt 0:02:03]} Rd8 {[%emt 0:00:09]} 27. Rxd8+ {[%emt 0:00:25]} Nxd8 {[%emt 0:00:56]} 28. Bc4 {[%emt 0:00:57]} Kg7 {[%emt 0:01:15]} 29. Bd5 {[%emt 0:02:00]} Be7 {[%emt 0:01:55]} 30. f4 {[%emt 0:02:16]} Bd6 {[%emt 0:01:26]} 31. Nd3 {[%emt 0:00:06]} f6 {[%emt 0:00:39]} 32. Kc2 {[%emt 0:01:27]} b6 {[%emt 0:00:39]} 33. Kd2 {[%emt 0:00:47]} Kf8 {[%emt 0:00:42]} 34. Ke3 {[%emt 0:01:05]} Ke7 {[%emt 0:00:07]} 35. e5 {[%emt 0:01:00]} fxe5 {[%emt 0:00:48]} 36. fxe5 {[%emt 0:00:10]} Bc7 {[%emt 0:00:06]} 37. Ke4 {[%emt 0:00:09]} Nf7 {[%emt 0:01:37]} 38. Bxf7 {[%emt 0:00:29]} Kxf7 {[%emt 0:00:05]} 39. c4 {[%emt 0:03:11]} Kg6 {[%emt 0:00:09]} 40. Nf4+ {[%emt 0:00:13]} Kf7 {[%emt 0:00:07]} 41. a4 {[%emt 0:30:34]} Bd8 {[%emt 0:30:09]} 42. Kf5 {[%emt 0:00:16]} Ke8 {[%emt 0:00:12]} 43. Ke6 {[%emt 0:00:22]} Bg5 {[%emt 0:00:19]} 44. Nd5 {[%emt 0:00:05]} Bd8 {[%emt 0:00:04]} 45. b3 {[%emt 0:00:20]} 1-0

[Event "Vienna Chess Open 2019"]
[Site "Vienna"]
[Date "2019.08.19"]
[Round "4.11"]
[White "Schreiner, Peter"]
[Black "Breneis, Lukas"]
[Result "1/2-1/2"]
[WhiteElo "2481"]
[BlackElo "2481"]
[Annotator "TA"]
[PlyCount "80"]
[EventDate "2019.08.17"]
[EventType "swiss"]
[EventCountry "AUT"]
[SourceTitle "playchess.com"]
[Source "ChessBase"]
[SourceQuality "1"]

{[%evp 9,80,8,13,8,8,8,14,14,34,14,29,23,43,27,18,4,21,29,21,10,29,10,20,-5,15,23,52,41,68,38,73,78,133,44,33,37,35,21,70,67,65,39,32,0,0,-16,0,-41,0,0,0,0,0,0,0,0,-4,-5,0,-13,-12,-19,-8,-8,-8,-8,-8,-8,-8,-12,-19,-34,-34]} 1. Nf3 d5 2. g3 Bg4 3. Bg2 Nd7 4. h3 (4. c4 e6 5. cxd5 exd5 6. O-O Ngf6 7. h3 Bxf3 8. exf3 Be7 9. f4 O-O 10. d3 c6 11. Nd2 Ne8 12. Nf3 Nd6 13. h4 Re8 14. Bh3 Nf8 {1-0 (62) Rapport,R (2726)-L'Ami,E (2644) Germany 2019}) 4... Bxf3 5. Bxf3 Ngf6 6. d3 {A07: Réti Opening: New York and Capablanca Systems} c6 7. O-O e6 8. Nd2 {The position is equal.} h5 9. Bg2 Qc7 $146 ({Predecessor:} 9... h4 10. g4 Qc7 11. d4 O-O-O 12. a4 Kb8 13. c4 e5 14. a5 {0-1 (59) Nyvlt,Z (2418)-Gerasimov,V (2331) ICCF email 2009}) 10. c4 Bd6 11. cxd5 exd5 12. e4 O-O-O 13. exd5 Nxd5 14. Nc4 {[#] Bxd5 is the strong threat.} N7b6 15. Nxd6+ Qxd6 16. a4 Nd7 17. h4 f5 18. Bg5 Rde8 19. Re1 N7f6 20. Rxe8+ Nxe8 {[#]} ({Black should try} 20... Rxe8 21. Bxd5 Nxd5) 21. Qd2 ({Better is} 21. b4 $1 $16) 21... Nec7 $14 22. Re1 g6 23. d4 Kd7 24. b4 $1 Re8 25. Rb1 a6 $1 26. Bxd5 Qxd5 27. Bf4 Qe4 28. Qa2 Qd5 (28... Nd5 $5 {[%cal Rd5c3]} 29. b5 cxb5 $15) 29. Qc2 Qe4 30. Qb3 Qd5 {Hoping for ...Re1+!} 31. Qb2 Re4 32. b5 $1 {[%cal Rb5c6]} axb5 33. axb5 Nxb5 34. Be5 Ke6 35. Qb4 {Threatens to win with Qf8.} Nxd4 36. Bxd4 Rxd4 37. Qxb7 Rd1+ 38. Rxd1 Qxd1+ 39. Kh2 Qd7 40. Qb8 Qd6 {Accuracy: White = 64%, Black = 50%.} 1/2-1/2

[Event "Vienna Chess Open 2019"]
[Site "Vienna"]
[Date "2019.08.19"]
[Round "4.11"]
[White "Dappiano, Andrea"]
[Black "Barp, Alberto"]
[Result "0-1"]
[WhiteElo "2289"]
[BlackElo "2411"]
[Annotator "NA"]
[PlyCount "58"]
[EventDate "2019.08.17"]
[EventType "swiss"]
[EventCountry "AUT"]
[SourceTitle "playchess.com"]
[Source "ChessBase"]
[SourceQuality "1"]
[TimeControl "40/5400+30:1800+30"]

1. e4 {[%emt 0:03:33]} e5 {[%emt 0:00:00]} 2. Nf3 {[%emt 0:00:26]} Nc6 {[%emt 0:00:00]} 3. d4 {[%emt 0:00:08]} exd4 {[%emt 0:00:00]} 4. Nxd4 {[%emt 0:00:05]} Bc5 {[%emt 0:00:32]} 5. Be3 {[%emt 0:01:25]} Qf6 {[%emt 0:00:46]} 6. c3 {[%emt 0:00:09]} Nge7 {[%emt 0:00:45]} 7. Bb5 {[%emt 0:02:03]} O-O {[%emt 0:00:33]} 8. O-O {[%emt 0:00:07]} d6 {[%emt 0:05:16]} 9. f4 {[%emt 0:19:12]} a6 {[%emt 0:21:13]} 10. Ba4 {[%emt 0:06:34]} Ba7 {[%emt 0:17:02]} 11. Qd3 {[%emt 0:20:41]} Nxd4 {[%emt 0:08:56]} 12. Bxd4 {[%emt 0:05:22]} Bxd4+ {[%emt 0:00:06]} 13. cxd4 {[%emt 0:01:14]} d5 {[%emt 0:00:18]} 14. e5 {[%emt 0:02:56]} Qb6 {[%emt 0:01:48]} 15. Nc3 {[%emt 0:04:22]} Bf5 {[%emt 0:04:09]} 16. Qd2 {[%emt 0:01:51]} c5 {[%emt 0:00:25]} 17. Rad1 {[%emt 0:03:01]} c4 {[%emt 0:06:34]} 18. Bc2 {[%emt 0:02:53]} Rad8 {[%emt 0:07:53]} 19. Bxf5 {[%emt 0:02:38]} Nxf5 {[%emt 0:00:03]} 20. Qe2 {[%emt 0:02:46]} f6 {[%emt 0:04:49]} 21. exf6 {[%emt 0:01:36]} Qxf6 {[%emt 0:01:36]} 22. Qe5 {[%emt 0:01:19]} Qf7 {[%emt 0:07:10]} 23. g4 {[%emt 0:05:35]} Qg6 {[%emt 0:00:31]} 24. Rf2 {[%emt 0:04:20]} Qxg4+ {[%emt 0:04:27]} 25. Rg2 {[%emt 0:00:04]} Qf3 {[%emt 0:00:11]} 26. Rg5 {[%emt 0:02:53]} h6 {[%emt 0:01:12]} 27. Qe6+ {[%emt 0:02:33]} Kh8 {[%emt 0:00:22]} 28. Rg6 {[%emt 0:00:29]} Qxf4 {[%emt 0:01:31]} 29. Rf1 {[%emt 0:01:03]} Qxf1+ {[%emt 0:00:48]} 0-1

[Event "Vienna Chess Open 2019"]
[Site "Vienna"]
[Date "2019.08.19"]
[Round "4.12"]
[White "Diermair, Andreas"]
[Black "Tomaszewski, Roman"]
[Result "1/2-1/2"]
[WhiteElo "2473"]
[BlackElo "2473"]
[Annotator "ChessBase"]
[PlyCount "75"]
[EventDate "2019.08.17"]
[EventType "swiss"]
[EventCountry "AUT"]
[SourceTitle "playchess.com"]
[Source "ChessBase"]
[SourceQuality "1"]
[TimeControl "40/5400+30:1800+30"]

1. d4 {[%emt 0:00:00]} d5 {[%emt 0:00:00]} 2. c4 {[%emt 0:00:00]} c6 {[%emt 0:00:00]} 3. Nc3 {[%emt 0:00:00]} Nf6 {[%emt 0:00:00]} 4. e3 {[%emt 0:00:00]} g6 {[%emt 0:00:08]} 5. h3 {[%emt 0:00:20]} Bg7 {[%emt 0:04:32]} 6. Nf3 {[%emt 0:00:04]} O-O {[%emt 0:00:47]} 7. Bd3 {[%emt 0:01:34]} e6 {[%emt 0:09:48]} 8. O-O {[%emt 0:02:00]} Nbd7 {[%emt 0:00:42]} 9. b3 {[%emt 0:05:48]} b6 {[%emt 0:00:09]} 10. Ba3 {[%emt 0:09:01]} Re8 {[%emt 0:00:37]} 11. Rc1 {[%emt 0:01:09]} Bb7 {[%emt 0:01:32]} 12. cxd5 {[%emt 0:00:44]} exd5 {[%emt 0:00:29]} 13. Qc2 {[%emt 0:01:12]} Qb8 {[%emt 0:29:00]} 14. Rfe1 {[%emt 0:06:30]} Bf8 {[%emt 0:04:21]} 15. Bxf8 {[%emt 0:00:33]} Rxf8 {[%emt 0:00:11]} 16. b4 {[%emt 0:06:31]} a6 {[%emt 0:07:28]} 17. Qb3 {[%emt 0:09:19]} a5 {[%emt 0:11:43]} 18. bxa5 {[%emt 0:04:04]} Rxa5 {[%emt 0:00:10]} 19. a4 {[%emt 0:00:09]} Ba6 {[%emt 0:09:21]} 20. Bxa6 {[%emt 0:02:01]} Rxa6 {[%emt 0:00:02]} 21. e4 {[%emt 0:00:41]} dxe4 {[%emt 0:03:50]} 22. Nxe4 {[%emt 0:00:08]} Nxe4 {[%emt 0:04:56]} 23. Rxe4 {[%emt 0:00:03]} b5 {[%emt 0:01:08]} 24. axb5 {[%emt 0:04:16]} Qxb5 {[%emt 0:00:10]} 25. Qe3 {[%emt 0:00:59]} Nf6 {[%emt 0:02:51]} 26. Re5 {[%emt 0:00:51]} Nd5 {[%emt 0:00:22]} 27. Qh6 {[%emt 0:01:27]} f6 {[%emt 0:00:19]} 28. Re6 {[%emt 0:01:09]} Qb7 {[%emt 0:02:26]} 29. Qh4 {[%emt 0:06:08]} Qd7 {[%emt 0:01:49]} 30. Rce1 {[%emt 0:03:48]} Raa8 {[%emt 0:00:35]} 31. Qg4 {[%emt 0:01:58]} Rad8 {[%emt 0:00:18]} 32. Qe4 {[%emt 0:01:15]} Kf7 {[%emt 0:00:48]} 33. Qg4 {[%emt 0:05:59]} Kg8 {[%emt 0:01:17]} 34. Qg3 {[%emt 0:03:56]} Rfe8 {[%emt 0:00:42]} 35. Rxe8+ {[%emt 0:00:14]} Rxe8 {[%emt 0:00:02]} 36. Rxe8+ {[%emt 0:00:12]} Qxe8 {[%emt 0:00:06]} 37. Qd6 {[%emt 0:00:03]} Kf7 {[%emt 0:01:12]} 38. h4 {[%emt 0:01:17]} 1/2-1/2

[Event "Vienna Chess Open 2019"]
[Site "Vienna"]
[Date "2019.08.19"]
[Round "4.12"]
[White "Ruff, Maximilian"]
[Black "Mons, Leon"]
[Result "1/2-1/2"]
[WhiteElo "2353"]
[BlackElo "2559"]
[Annotator "ChessBase"]
[PlyCount "44"]
[EventDate "2019.08.17"]
[EventType "swiss"]
[EventCountry "AUT"]
[SourceTitle "playchess.com"]
[Source "ChessBase"]
[SourceQuality "1"]
[TimeControl "40/5400+30:1800+30"]

1. d4 {[%emt 0:03:32]} Nf6 {[%emt 0:00:00]} 2. c4 {[%emt 0:00:12]} e6 {[%emt 0:00:00]} 3. Nc3 {[%emt 0:00:40]} Bb4 {[%emt 0:00:00]} 4. Qc2 {[%emt 0:00:44]} O-O {[%emt 0:00:14]} 5. Nf3 {[%emt 0:00:07]} d5 {[%emt 0:00:19]} 6. a3 {[%emt 0:00:31]} Bxc3+ {[%emt 0:01:09]} 7. Qxc3 {[%emt 0:00:09]} dxc4 {[%emt 0:02:49]} 8. Qxc4 {[%emt 0:00:08]} b6 {[%emt 0:00:30]} 9. Bg5 {[%emt 0:00:45]} Ba6 {[%emt 0:00:10]} 10. Qa4 {[%emt 0:00:16]} Qd7 {[%emt 0:00:11]} 11. Qxd7 {[%emt 0:01:12]} Nbxd7 {[%emt 0:00:06]} 12. Bxf6 {[%emt 0:00:06]} gxf6 {[%emt 0:01:38]} 13. e3 {[%emt 0:02:28]} Bb7 {[%emt 0:03:01]} 14. Rc1 {[%emt 0:09:52]} Rfc8 {[%emt 0:02:25]} 15. Bb5 {[%emt 0:02:08]} c6 {[%emt 0:00:21]} 16. Bd3 {[%emt 0:00:16]} Kf8 {[%emt 0:05:32]} 17. Ke2 {[%emt 0:02:17]} Ke7 {[%emt 0:00:53]} 18. Rc3 {[%emt 0:12:38]} c5 {[%emt 0:02:24]} 19. Rhc1 {[%emt 0:01:52]} a6 {[%emt 0:04:09]} 20. b4 {[%emt 0:03:51]} cxb4 {[%emt 0:06:34]} 21. axb4 {[%emt 0:02:25]} f5 {[%emt 0:24:32]} 22. R1c2 {[%emt 0:05:39]} Rxc3 {[%emt 0:08:21]} 1/2-1/2

[Event "Vienna Chess Open 2019"]
[Site "Vienna"]
[Date "2019.08.19"]
[Round "4.12"]
[White "Belous, Mikhail"]
[Black "Gschnitzer, Adrian"]
[Result "1/2-1/2"]
[WhiteElo "2308"]
[BlackElo "2410"]
[Annotator "TA"]
[PlyCount "92"]
[EventDate "2019.08.17"]
[EventType "swiss"]
[EventCountry "AUT"]
[SourceTitle "playchess.com"]
[Source "ChessBase"]
[SourceQuality "1"]

{[%evp 9,92,34,62,53,52,49,54,49,29,36,32,16,43,10,17,11,11,10,22,8,52,41,57,50,47,52,62,25,9,27,25,30,20,0,0,-36,-36,-36,-36,-38,-42,-37,-7,-11,-10,-8,0,-5,-4,-4,0,0,0,-15,-15,-28,-29,-69,-69,-69,-8,-14,0,-68,-62,-74,-74,-62,-51,-43,0,0,0,0,0,0,0,0,0,0,0,0,0,0,0]} 1. d4 Nf6 2. c4 c5 3. d5 b5 4. cxb5 a6 5. bxa6 g6 6. Nc3 {A58: Benko/Volga Gambit: Lines with 5 bxa6} Bg7 7. e4 O-O 8. Nf3 {White is slightly better.} (8. e5 Ne8 9. h4 Bxe5 10. Bh6 Bxa6 11. h5 Ng7 12. Nf3 Bxc3+ 13. bxc3 Bxf1 14. Kxf1 {1-0 (22) So,W (2780)-Duda,J (2737) chess.com INT 2018}) 8... Qa5 9. Bd2 Bxa6 10. Be2 Qb4 11. e5 Ng4 12. Nb5 Qe4 {[%mdl 64] White must now prevent ...Bxb5. Double Attack} 13. O-O Nxe5 14. Nxe5 Bxe5 $146 (14... Bxb5 $5 15. Bxb5 Bxe5 $14) ({Predecessor:} 14... Bxb5 15. Bxb5 Qxe5 {1-0 (54) Prieto Aranguren,A (2261)-Habans Aguerrea,J (1930) San Sebastian 2018}) 15. Bc3 d6 16. Re1 {Strongly threatening Nc7.} Bxc3 17. bxc3 Qh4 18. Nc7 Ra7 19. Nxa6 Nxa6 20. a4 Qf6 21. Bxa6 Rxa6 22. Qe2 Rfa8 23. Qc4 Qf5 24. Ra2 Qd7 {[%cal Ra6a4]} 25. Rea1 $1 e6 26. dxe6 Qxe6 27. Qd3 d5 28. h3 Ra5 29. Rd1 c4 30. Qf3 Kg7 31. Rad2 {[%cal Rd2d5]} Rd8 32. Rd4 Rxa4 33. Rxd5 Rxd5 34. Rxd5 $11 {[%mdl 4096] Endgame KQR-KQR} Qe1+ (34... Ra3 $1 $15) 35. Kh2 Ra3 36. Rd7 ({White should play} 36. Qf4 $11 Qxc3 {[#]} 37. Rh5 $1 {[%mdl 512]}) 36... Qe5+ $15 37. g3 Qf6 38. Kg2 Rxc3 39. Qe4 Rc1 40. Rc7 {The position is equal.} c3 41. Rc6 Qd8 42. Qe5+ f6 43. Qe6 {[#] aiming for Rc8!} Re1 $1 {[%mdl 512]} 44. Qc4 {[#] Hoping for Rc8.} (44. Qxe1 Qd5+) 44... c2 $1 {[%mdl 512]} 45. Rc7+ (45. Qxc2 Qd5+) 45... Re7 46. Rxe7+ Qxe7 {Accuracy: White = 64%, Black = 70%.} 1/2-1/2

[Event "Vienna Chess Open 2019"]
[Site "Vienna"]
[Date "2019.08.20"]
[Round "5.1"]
[White "Ozen, Deniz"]
[Black "Zetthofer, Gerald"]
[Result "1-0"]
[WhiteElo "2429"]
[BlackElo "2273"]
[Annotator "NA"]
[PlyCount "55"]
[EventDate "2019.08.17"]
[EventType "swiss"]
[EventCountry "AUT"]
[SourceTitle "playchess.com"]
[Source "ChessBase"]
[SourceQuality "1"]
[TimeControl "40/5400+30:1800+30"]

1. e4 {[%emt 0:01:20]} e6 {[%emt 0:00:00]} 2. d4 {[%emt 0:00:43]} d5 {[%emt 0:00:00]} 3. exd5 {[%emt 0:00:45]} exd5 {[%emt 0:00:00]} 4. Nf3 {[%emt 0:00:05]} Nf6 {[%emt 0:00:49]} 5. Bd3 {[%emt 0:01:52]} Bd6 {[%emt 0:04:43]} 6. Qe2+ {[%emt 0:00:02]} Qe7 {[%emt 0:01:24]} 7. Qxe7+ {[%emt 0:00:07]} Kxe7 {[%emt 0:00:04]} 8. O-O {[%emt 0:01:36]} Be6 {[%emt 0:06:55]} 9. Re1 {[%emt 0:04:46]} Nbd7 {[%emt 0:01:57]} 10. Ng5 {[%emt 0:04:57]} Nf8 {[%emt 0:01:14]} 11. f4 {[%emt 0:03:23]} h6 {[%emt 0:04:29]} 12. Nxe6 {[%emt 0:03:56]} fxe6 {[%emt 0:01:04]} 13. g3 {[%emt 0:03:52]} c5 {[%emt 0:05:06]} 14. dxc5 {[%emt 0:01:02]} Bxc5+ {[%emt 0:00:29]} 15. Kg2 {[%emt 0:01:08]} N8d7 {[%emt 0:01:26]} 16. Bf5 {[%emt 0:03:37]} Nf8 {[%emt 0:01:15]} 17. Nd2 {[%emt 0:00:39]} Kd6 {[%emt 0:02:09]} 18. Bd3 {[%emt 0:00:29]} N8d7 {[%emt 0:01:26]} 19. Nf3 {[%emt 0:01:14]} Rhe8 {[%emt 0:02:28]} 20. Bd2 {[%emt 0:04:04]} Rac8 {[%emt 0:01:51]} 21. Re2 {[%emt 0:02:58]} a6 {[%emt 0:04:55]} 22. Rae1 {[%emt 0:01:15]} Nf8 {[%emt 0:04:56]} 23. f5 {[%emt 0:13:27]} exf5 {[%emt 0:03:53]} 24. b4 {[%emt 0:01:03]} Rxe2+ {[%emt 0:03:57]} 25. Rxe2 {[%emt 0:00:07]} Bb6 {[%emt 0:01:14]} 26. Bf4+ {[%emt 0:00:47]} Kc6 {[%emt 0:01:20]} 27. Ne5+ {[%emt 0:00:45]} Kd6 {[%emt 0:01:18]} 28. Ng6+ {[%emt 0:00:37]} 1-0

[Event "Vienna Chess Open 2019"]
[Site "Vienna"]
[Date "2019.08.20"]
[Round "5.1"]
[White "Gilevych, Artem"]
[Black "Palac, Mladen"]
[Result "1/2-1/2"]
[WhiteElo "2424"]
[BlackElo "2551"]
[Annotator "ChessBase"]
[PlyCount "64"]
[EventDate "2019.08.17"]
[EventType "swiss"]
[EventCountry "AUT"]
[SourceTitle "playchess.com"]
[Source "ChessBase"]
[SourceQuality "1"]
[TimeControl "40/5400+30:1800+30"]

1. d4 {[%emt 0:00:00]} Nf6 {[%emt 0:07:36]} 2. c4 {[%emt 0:00:00]} e6 {[%emt 0:00:08]} 3. Nf3 {[%emt 0:00:00]} b6 {[%emt 0:00:32]} 4. a3 {[%emt 0:00:00]} Bb7 {[%emt 0:00:03]} 5. Nc3 {[%emt 0:00:13]} d5 {[%emt 0:00:04]} 6. cxd5 {[%emt 0:00:11]} Nxd5 {[%emt 0:00:02]} 7. e3 {[%emt 0:00:18]} Be7 {[%emt 0:00:36]} 8. Bb5+ {[%emt 0:00:06]} c6 {[%emt 0:00:02]} 9. Bd3 {[%emt 0:00:05]} c5 {[%emt 0:00:02]} 10. Nxd5 {[%emt 0:00:26]} Qxd5 {[%emt 0:08:00]} 11. dxc5 {[%emt 0:00:55]} Qxc5 {[%emt 0:06:04]} 12. O-O {[%emt 0:10:29]} O-O {[%emt 0:04:40]} 13. Qe2 {[%emt 0:00:27]} Nd7 {[%emt 0:05:03]} 14. e4 {[%emt 0:01:44]} Qh5 {[%emt 0:00:49]} 15. b4 {[%emt 0:05:54]} a5 {[%emt 0:07:48]} 16. Bd2 {[%emt 0:01:12]} axb4 {[%emt 0:05:52]} 17. axb4 {[%emt 0:01:42]} Ne5 {[%emt 0:04:31]} 18. Nxe5 {[%emt 0:15:12]} Qxe5 {[%emt 0:00:04]} 19. Rxa8 {[%emt 0:01:33]} Rxa8 {[%emt 0:00:05]} 20. Be3 {[%emt 0:00:36]} b5 {[%emt 0:07:14]} 21. f3 {[%emt 0:05:48]} Bxb4 {[%emt 0:17:34]} 22. Bxb5 {[%emt 0:01:11]} Bd6 {[%emt 0:04:10]} 23. g3 {[%emt 0:01:09]} Bc5 {[%emt 0:00:01]} 24. Bxc5 {[%emt 0:05:17]} Qxc5+ {[%emt 0:00:01]} 25. Kg2 {[%emt 0:01:10]} h5 {[%emt 0:03:16]} 26. Rd1 {[%emt 0:05:57]} Rb8 {[%emt 0:00:18]} 27. Bd3 {[%emt 0:01:56]} Rd8 {[%emt 0:01:12]} 28. Qc2 {[%emt 0:03:56]} Qe3 {[%emt 0:00:44]} 29. Qe2 {[%emt 0:00:25]} Qc5 {[%emt 0:00:29]} 30. Qc2 {[%emt 0:00:07]} Qa3 {[%emt 0:01:04]} 31. Be2 {[%emt 0:04:52]} Rc8 {[%emt 0:00:48]} 32. Qd3 {[%emt 0:00:19]} Qxd3 {[%emt 0:05:10]} 1/2-1/2

[Event "Vienna Chess Open 2019"]
[Site "Vienna"]
[Date "2019.08.20"]
[Round "5.1"]
[White "Sadilek, Peter"]
[Black "Handler, Lukas"]
[Result "0-1"]
[WhiteElo "2411"]
[BlackElo "2411"]
[Annotator "NA"]
[PlyCount "60"]
[EventDate "2019.08.17"]
[EventType "swiss"]
[EventCountry "AUT"]
[SourceTitle "playchess.com"]
[Source "ChessBase"]
[SourceQuality "1"]
[TimeControl "40/5400+30:1800+30"]

1. d4 {[%emt 0:11:14]} d5 {[%emt 0:00:00]} 2. c4 {[%emt 0:00:42]} e6 {[%emt 0:00:00]} 3. g3 {[%emt 0:01:42]} Nf6 {[%emt 0:00:00]} 4. Bg2 {[%emt 0:00:04]} dxc4 {[%emt 0:00:22]} 5. Nf3 {[%emt 0:00:43]} Bd7 {[%emt 0:00:11]} 6. Nbd2 {[%emt 0:05:19]} Bb5 {[%emt 0:15:58]} 7. Ne5 {[%emt 0:15:54]} Nbd7 {[%emt 0:14:42]} 8. Bxb7 {[%emt 0:08:44]} Nxe5 {[%emt 0:00:19]} 9. dxe5 {[%emt 0:00:16]} Rb8 {[%emt 0:00:32]} 10. Bg2 {[%emt 0:06:57]} Ng4 {[%emt 0:18:34]} 11. a4 {[%emt 0:07:03]} Ba6 {[%emt 0:06:54]} 12. Bc6+ {[%emt 0:06:06]} Ke7 {[%emt 0:00:04]} 13. b3 {[%emt 0:08:56]} Nxe5 {[%emt 0:04:15]} 14. Bb5 {[%emt 0:22:09]} Bb7 {[%emt 0:11:30]} 15. O-O {[%emt 0:01:08]} Qd5 {[%emt 0:01:52]} 16. e4 {[%emt 0:00:31]} Qd4 {[%emt 0:00:56]} 17. Ba3+ {[%emt 0:00:29]} Kf6 {[%emt 0:00:15]} 18. Nxc4 {[%emt 0:00:30]} Qxd1 {[%emt 0:02:00]} 19. Rfxd1 {[%emt 0:00:22]} Nxc4 {[%emt 0:02:42]} 20. Bxf8 {[%emt 0:00:35]} Rhxf8 {[%emt 0:00:49]} 21. Bxc4 {[%emt 0:00:11]} Bxe4 {[%emt 0:01:01]} 22. Rd7 {[%emt 0:00:27]} Rb7 {[%emt 0:01:17]} 23. Rc1 {[%emt 0:00:46]} Rfb8 {[%emt 0:01:52]} 24. a5 {[%emt 0:00:39]} c6 {[%emt 0:00:45]} 25. Rxb7 {[%emt 0:00:30]} Rxb7 {[%emt 0:00:05]} 26. Rc3 {[%emt 0:00:29]} Ke5 {[%emt 0:00:26]} 27. Ba6 {[%emt 0:00:24]} Rb4 {[%emt 0:00:31]} 28. Bc4 {[%emt 0:00:27]} Kd6 {[%emt 0:01:44]} 29. Kf1 {[%emt 0:00:40]} Bd5 {[%emt 0:00:23]} 30. Bxd5 {[%emt 0:00:28]} exd5 {[%emt 0:00:11]} 0-1